<?xml version="1.0" encoding="UTF-8"?>
<record
    xmlns:xsi="http://www.w3.org/2001/XMLSchema-instance"
    xsi:schemaLocation="http://www.loc.gov/MARC21/slim http://www.loc.gov/standards/marcxml/schema/MARC21slim.xsd"
    xmlns="http://www.loc.gov/MARC21/slim">

  <leader>00434nam a22001817a 4500</leader>
  <controlfield tag="008">240210b        |||||||| |||| 00| 0 eng d</controlfield>
  <datafield tag="020" ind1=" " ind2=" ">
    <subfield code="a">9781260570090</subfield>
  </datafield>
  <datafield tag="040" ind1=" " ind2=" ">
    <subfield code="a">30</subfield>
  </datafield>
  <datafield tag="082" ind1=" " ind2=" ">
    <subfield code="a">616.7 BRU</subfield>
  </datafield>
  <datafield tag="100" ind1=" " ind2=" ">
    <subfield code="a">BRUNICARDI, F. CHARLES</subfield>
  </datafield>
  <datafield tag="110" ind1=" " ind2=" ">
    <subfield code="b">AYURVEDA</subfield>
  </datafield>
  <datafield tag="245" ind1=" " ind2=" ">
    <subfield code="a">SCHWARTZ'S PRINCIPLES OF SURGERY VOL-2</subfield>
  </datafield>
  <datafield tag="250" ind1=" " ind2=" ">
    <subfield code="a">11 TH</subfield>
  </datafield>
  <datafield tag="260" ind1=" " ind2=" ">
    <subfield code="a">NEW DELHI</subfield>
    <subfield code="b">MC GRAW HILL</subfield>
    <subfield code="c">2019</subfield>
  </datafield>
  <datafield tag="300" ind1=" " ind2=" ">
    <subfield code="a">2185</subfield>
  </datafield>
  <datafield tag="650" ind1=" " ind2=" ">
    <subfield code="a">SURGERY</subfield>
  </datafield>
  <datafield tag="942" ind1=" " ind2=" ">
    <subfield code="c">01</subfield>
  </datafield>
  <datafield tag="999" ind1=" " ind2=" ">
    <subfield code="c">58170</subfield>
    <subfield code="d">58170</subfield>
  </datafield>
  <datafield tag="952" ind1=" " ind2=" ">
    <subfield code="0">0</subfield>
    <subfield code="1">0</subfield>
    <subfield code="2">ddc</subfield>
    <subfield code="4">0</subfield>
    <subfield code="6">616_700000000000000_BRU</subfield>
    <subfield code="7">0</subfield>
    <subfield code="9">526581</subfield>
    <subfield code="a">30</subfield>
    <subfield code="b">30</subfield>
    <subfield code="d">2024-01-27</subfield>
    <subfield code="e">ARISTA</subfield>
    <subfield code="l">0</subfield>
    <subfield code="o">616.7 BRU</subfield>
    <subfield code="p">30-B-6188</subfield>
    <subfield code="r">2024-02-10</subfield>
    <subfield code="w">2024-02-10</subfield>
    <subfield code="y">01</subfield>
  </datafield>
  <datafield tag="952" ind1=" " ind2=" ">
    <subfield code="0">0</subfield>
    <subfield code="1">0</subfield>
    <subfield code="2">ddc</subfield>
    <subfield code="4">0</subfield>
    <subfield code="6">616_700000000000000_BRU</subfield>
    <subfield code="7">0</subfield>
    <subfield code="9">526582</subfield>
    <subfield code="a">30</subfield>
    <subfield code="b">30</subfield>
    <subfield code="d">2024-01-27</subfield>
    <subfield code="e">ARISTA</subfield>
    <subfield code="l">2</subfield>
    <subfield code="o">616.7 BRU</subfield>
    <subfield code="p">30-B-6189</subfield>
    <subfield code="r">2026-02-19</subfield>
    <subfield code="s">2026-02-12</subfield>
    <subfield code="w">2024-02-10</subfield>
    <subfield code="y">01</subfield>
  </datafield>
</record>
